000 01084nam a2200277Ia 4500
999 _c54291
_d54291
001 21347
003 GE_BSU
005 20210909175230.0
008 181216s2017||||ru |||||||||||||| ||rus||
020 _a9785406048559
040 _cGE_BSU
080 _a32(075.8) Е-30
100 _aЕгоров, В. Г.
_912424
245 _aСравнительная политология постсоветского пространства :
_bУчебное пособие /
_cВ. Г. Егоров, А. В. Абрамов, С. Н. Федорчено
264 _aМосква :
_bКнорус,
_c2017.
300 _a411 стр. ;
_c22 см.
440 _aБакалавриат
_912412
500 _aбиблиог. стр. 409-410
541 _h69 Л.
653 _aПолитика
653 _aСравнительная политология постсоветского пространства
653 _aპოლიტიკა
700 _aАбрамов, А. В.
_cАвтор
_912425
700 _aФедорчено, С. Н.
_cАвтор
_912426
942 _cBK
_2udc